000
nam a22 7a 4500
999
_c
44545
_d
44545
003
OSt
005
20181012160825.0
008
181012b xxu||||| |||| 00| 0 eng d
040
_c
IIMT COLLEGE OF D.PHARMA
100
_a
WALLIS, T.E
245
_a
TEXT BOOK OF PHARMACOGNOCY
260
_a
NEW DELHI
_b
CBS
_c
2005
300
_a
652
942
_2
ddc
_c
02